Zdroje financovania podnikateľských subjektov bakalárska práca

Enregistré dans:
Détails bibliographiques
Auteur principal: Gerhátová, Pavlína
Collectivité auteur: Národohospodárska fakulta EU. Katedra financií
Autres auteurs: Bašová, Alena, 1961-
Format: Livre
Langue:slovaque
Publié: Bratislava 2009
Tags: Ajouter un tag
Pas de tags, Soyez le premier à ajouter un tag!

MARC

LEADER 00000nam$a2200000$$$4500
001 0102692
005 20240318141625.8
041 0 |a slo 
044 |a SK 
245 1 0 |a Zdroje financovania podnikateľských subjektov  |b bakalárska práca  |c Pavlína Gerhátová ; škol. Alena Bašová 
264 1 |a Bratislava  |c 2009 
300 |a 46 s. 
100 1 |a Gerhátová, Pavlína 
700 1 |a Bašová, Alena, 1961- 
710 2 |a Národohospodárska fakulta EU. Katedra financií